[Event "94th FRA-ch 2019"]
[Site "Chartres"]
[Date "2019.08.25"]
[Round "12.1"]
[White "Fressinet, Laurent"]
[Black "Lagarde, Maxime"]
[Result "1/2-1/2"]
[WhiteElo "2625"]
[BlackElo "2626"]
[Annotator "TA"]
[PlyCount "89"]
[EventDate "2019.08.17"]
[EventType "tourn"]
[EventCountry "FRA"]
[SourceTitle "playchess.com"]
[Source "ChessBase"]
[SourceQuality "1"]

{[%evp 9,89,14,26,12,26,-5,33,11,33,9,35,42,99,37,65,60,77,39,47,51,64,54,100,57,75,62,97,55,96,32,72,71,47,34,153,18,178,38,32,-253,0,0,69,39,93,16,75,-13,47,41,101,81,878,712,1038,1029,937,862,953,0,110,20,704,0,0,0,0,0,0,0,0,0,0,0,0,0,0,0,0,0,0,0]} 1. d4 f5 2. Nc3 Nf6 3. Bg5 d5 4. e3 e6 5. Nf3 Bd6 (5... a6 6. Ne5 c5 7. g4 cxd4 8. exd4 Qb6 9. Na4 Qa5+ 10. c3 fxg4 11. Bxf6 gxf6 12. Nxg4 Nd7 13. Ne3 {0-1 (49) Akobian,V (2625)-Caruana,F (2828) Saint Louis 2019}) 6. Bd3 {A80: Dutch Defence: Unusual White second moves} O-O 7. Ne2 $146 ({Predecessor:} 7. O-O b6 8. Nb5 Be7 9. c4 c6 10. Nc3 Nbd7 11. Qa4 Bb7 12. b4 Ne4 13. Bxe7 Qxe7 {1-0 (30) Durica,A (1944)-Gray,E (1943) Poprad 2016}) 7... Nc6 8. Bf4 {White is slightly better.} Ne4 9. O-O Bd7 10. c4 Kh8 (10... Nb4 $14) 11. c5 (11. cxd5 $16 exd5 12. Bxd6 cxd6 13. Nf4) 11... Be7 12. Ne5 Bf6 13. Rc1 Bxe5 14. Bxe5 Nxe5 15. dxe5 Qh4 16. f3 Ng5 17. Qe1 Qh6 18. Nd4 f4 {next ...Nf7 is good for Black.} 19. e4 ({White should play} 19. c6 $16 bxc6 20. exf4 (20. Nxc6 Nf7 $11) 20... Rxf4 21. Nxc6) 19... Bc6 20. exd5 Bxd5 21. Nb5 Rf7 (21... Rad8 $14 22. Qe2 Rd7) 22. Nc3 (22. h4 $16) 22... Bc6 $2 (22... Qh5 $11) 23. b4 (23. h4 $18) 23... Rd8 24. Rd1 $2 {[%mdl 8192] [#]} (24. Be2 $14 {keeps the upper hand.} Rfd7 25. b5) 24... Rfd7 $2 (24... Nxf3+ $1 $19 {[%mdl 512]} 25. gxf3 (25. Rxf3 Bxf3) 25... Rxd3) 25. Qe2 $36 {[%mdl 2048] White is more active.} Rd4 (25... Nxf3+ $11 26. Rxf3 Bxf3 27. Qxf3 Qh4) 26. Bc2 (26. Bb5 {with more complications.} Qg6 27. Bxc6 bxc6 28. Rxd4 Rxd4 29. Rd1) 26... Nf7 ({Better is} 26... g6 $1 $14) 27. b5 (27. Rxd4 $1 $16 Rxd4 28. b5) 27... Be8 (27... Rxd1 $1 $11 28. Rxd1 Rxd1+ 29. Nxd1 (29. Qxd1 Be8 $14) 29... Be8) 28. Be4 (28. Rxd4 $16 Rxd4 29. c6 bxc6 30. bxc6) 28... b6 (28... Nxe5 $11 29. Rxd4 (29. Bxb7 Nd3 $15) 29... Rxd4) 29. cxb6 cxb6 (29... Rxd1 $14 30. Rxd1 Rxd1+ 31. Nxd1 (31. Qxd1 axb6 32. Bc6 Bxc6 $11) 31... axb6) 30. Bc6 $16 Bxc6 $4 {[%mdl 8192]} (30... Rxd1 $16 31. Rxd1 Qh4) 31. Rxd4 Rxd4 32. bxc6 Rd8 33. Rd1 {Threatening mate with Rxd8+.} Qg5 34. Ne4 $2 ({White must play} 34. c7 $18 Rc8 35. Rd7) 34... Qe7 (34... Qxe5 $11 {keeps the balance.} 35. Rc1 Qc7) 35. Rxd8+ (35. Nd6 $16 {White threatens Nxf7+ and mate.} Nxd6 36. exd6 (36. Rxd6 Rxd6 37. exd6 Qxd6 $11) 36... Rxd6 37. Rc1) 35... Qxd8 $4 {[%mdl 8192]} (35... Nxd8 $11 36. Qc2 Qc7) 36. Nd2 $2 ({White should try} 36. Qc4 $18 b5 37. Qc5 Nxe5 38. Qxe5 Qd1+ {[#]} 39. Kf2 $1 {[%mdl 512]} Qc2+ 40. Ke1 Qc1+ 41. Ke2 $1 {[%mdl 512]} Qc4+ 42. Kd2 Qxa2+ 43. Ke1 $1 {[%mdl 512]} Qb1+ 44. Ke2 $1 {[%mdl 512]}) 36... Qd4+ {The position is equal.} 37. Kf1 {Strongly threatening g3.} Qa1+ 38. Kf2 $1 {Threatens to win with Qd3.} Qd4+ 39. Kf1 Qa1+ 40. Kf2 $1 {Black must now prevent Qd3.} Qd4+ 41. Kf1 Qa1+ 42. Kf2 $1 {Qd3 is the strong threat.} Qd4+ 43. Kf1 {And now g3 would win.} Qa1+ 44. Kf2 $1 {Hoping for Qd3.} Qd4+ 45. Ke1 {Accuracy: White = 25%, Black = 18%.} 1/2-1/2

[Event "94th FRA-ch 2019"]
[Site "Chartres"]
[Date "2019.08.25"]
[Round "13.1"]
[White "Lagarde, Maxime"]
[Black "Fressinet, Laurent"]
[Result "1-0"]
[WhiteElo "2626"]
[BlackElo "2625"]
[Annotator "TA"]
[PlyCount "83"]
[EventDate "2019.08.17"]
[EventType "tourn"]
[EventCountry "FRA"]
[SourceTitle "playchess.com"]
[Source "ChessBase"]
[SourceQuality "1"]

{[%evp 9,83,-18,-5,-3,44,0,60,53,65,48,52,65,68,52,73,71,79,72,65,9,25,0,24,29,32,49,52,4,81,80,72,82,105,92,104,97,142,158,150,134,257,88,120,85,85,85,509,47,286,277,636,86,714,726,712,706,656,499,499,495,639,432,441,425,400,385,491,495,482,494,494,463,954,918,1539,664]} 1. e4 e5 2. Nc3 Nf6 3. f4 d5 4. fxe5 Nxe4 5. Qf3 Nxc3 6. dxc3 {C29: Vienna Game: 2...Nf6 3 f4} c5 (6... Be6 {feels hotter.} 7. Ne2 Nc6 8. Bf4 g5 9. Bg3 h5) 7. Bf4 (7. Be3 {with more complications.}) 7... Nc6 (7... g5 $11 8. Be3 Be7) 8. O-O-O $1 $14 {White is slightly better.} Be6 9. Bc4 $1 {[%cal Rc4d5][%mdl 64] [#] Pin} Ne7 10. Bb5+ Nc6 $146 ({Predecessor:} 10... Bd7 11. Bxd7+ Qxd7 12. Ne2 O-O-O 13. Rhf1 {1-0 (56) Lagarde,M (2604)-Tari,A (2625) chess.com INT 2019}) 11. c4 {[%cal Rc4d5]} d4 12. Bxc6+ bxc6 13. Qxc6+ Bd7 14. Qe4 (14. Qf3 $14) 14... Be7 15. Nf3 O-O 16. h4 Qb6 17. Ng5 $40 {[%csl Gg5][%cal Re4h7][%mdl 128] [#] Black needs to defend precisely.} Qg6 {Strongly threatening ...Bxg5.} 18. Qxg6 (18. h5 {looks sharper.} Qh6 19. Nf3 Qa6 20. Bg5 Bxg5+ 21. Nxg5 Qh6 22. Qf4) 18... hxg6 (18... fxg6 $11 {keeps the balance.} 19. g3 h6) 19. Ne4 $16 Bc6 20. Rde1 Rfe8 21. h5 gxh5 22. Rxh5 f6 23. exf6 gxf6 {...Bd8 is the strong threat.} 24. Nxc5 Rac8 (24... Bxc5 $16 25. Rxe8+ Rxe8) 25. b4 $2 (25. Nd3 $18 {has better winning chances.}) 25... a5 26. a3 axb4 27. axb4 Kg7 $2 {[%mdl 8192]} (27... Bxc5 $16 {is tougher.} 28. Rxe8+ Bxe8 29. Rxc5 Rxc5 30. bxc5 Bf7) 28. g4 $2 (28. Ne6+ $18 Kg8 29. Rh6) 28... Bf3 $2 (28... Bxc5 $1 $14 29. Rxe8 Bxe8 30. Rxc5 Rxc5 31. bxc5 Bf7) 29. Ne6+ $18 Kg8 $2 (29... Kf7) 30. Nxd4 $2 (30. Nc7 $18 {is the precise move to win.}) 30... Bxb4 $2 {[%mdl 8192]} (30... Rxc4 $16 31. Nf5 (31. Nxf3 Rxf4 32. Nh4 Rxb4 $16) 31... Be4) 31. Rxe8+ ({Weaker is} 31. Nxf3 Bxe1 32. Bd2 Bxd2+ 33. Nxd2 Kf7 $17) 31... Rxe8 32. Nxf3 Re4 33. Bd2 Ba3+ 34. Kd1 Rxg4 35. Rh1 Rxc4 36. c3 Kf7 37. Rf1 {aiming for Ne5+.} Kg6 38. Kc2 {White is clearly winning.} Bd6 39. Kd3 Ra4 40. Nd4 Be5 (40... Ra7 $142 41. c4 Rd7) 41. Bf4 Ra2 42. Ke4 {Accuracy: White = 46%, Black = 31%.} 1-0